000 00419nam a2200169 a 4500
001 0000-8871
003 ELIB.Books
008 110520 1954
035 _a(ELIB.Books)0000-9017
082 _a227.84
_bKin
100 _aKing, Guy H.
245 _aTo My Son
260 _bLondon: Marshall, Morgan & Scott LtD
_c1954
650 _aNew Testament
942 _2ddc
_cBK
998 _cbat
_e2011-05-20
999 _c8871
_d8871